00887nam a22001697a 4500003000900000008004100009040007100050082001700121100002400138245027800162260003800440300003900478505013300517650002600650650001600676650002500692AR-CdUCM190524b ||||| |||| 00| 0 spa d aMUNICIPALIDAD PROVINCIAL DEL CUSCOcBIBLIOTECA MUNICIPAL DEL CUSCO a860.8 /bR14 aRagucci, Rodolfo M. aCumbres del idioma :bAntología de poetas y prosadores españoles antiguos y modernos, presentados en orden cronológico con noticias biográficas y criticas, profusión de notas explicativas y síntesis completa de la historia literaria de la historia de España / aBuenos Aires :bDon bosco,c1963. a798 páginas ;bRetratos,c24 cm. aContenido: Época preliteraria o de formación del romance -- Época literaria medieval -- Época clásica o edad de oro... aLiteratura española aColecciones aHistoria y crítica